000 01917nam0a2200349 4500
001 RU\NLR\bibl\493626
005 20260407060048.0
010 _a5-02-032796-4
_9370
021 _aRU
_b2003-67895
_93349
035 _a(NLR Aleph) 000486285
090 _a1085270
_c1085270
100 _a20040220d2003 |||y0rusy50 ca
101 0 _arus
_deng
_erus
_eeng
102 _aRU
105 _aac |||||||||
200 1 _aГлобальные проблемы биосферы
_dGlobal problems of biosphere
_e[Ст. участников конф. "Яншин. экол. чтения"
_fРос. акад. наук. Ин-т литосферы окраин. и внутр. морей, Рос. экол. акад.
_gОтв. ред. д. чл. РЭА д.филос.н. Ф.Т. Яншина]
_zeng
210 _aМ.
_cНаука
_d2003
215 _a193, [4] с., [1] л. портр.
_cил.
_d22
225 1 _aЧтения памяти академика А. Л. Яншина
_dReadings to commemorative academician A.L. Yanshin
_vВып. 1
300 _aРез. на англ. яз.
320 _aБиблиогр. в конце ст.
510 0 _aGlobal problems of biosphere
_zeng
600 1 _aЯншин
_bА. Л.
_gАлександр Леонидович
_f1911-1999
_2psbo
606 0 _aБиосфера
_jСъезды, совещания и т.п.
_9922579
_3RU\NLR\auth\6619598
686 _aЕ081.1я431(2)
702 1 _4340
_7ca
_8rus
_aЯншина
_bФ. Т.
_f1933-2011
_gФидан Тауфиковна
_9185157
_3RU\NLR\AUTH\770185208
712 0 2 _4570
_aИнститут литосферы окраинных и внутренних морей
_cМосква
_3RU\NLR\AUTH\8810026809
_9551788
801 0 _aRU
_bNLR
_c20040220
_gPSBO
801 1 _aRU
_bNLR
_c20040220
942 _cBOOK
980 _aNB